<?xml version="1.0" encoding="UTF-8"?>
<record
    xmlns:xsi="http://www.w3.org/2001/XMLSchema-instance"
    xsi:schemaLocation="http://www.loc.gov/MARC21/slim http://www.loc.gov/standards/marcxml/schema/MARC21slim.xsd"
    xmlns="http://www.loc.gov/MARC21/slim">

  <leader>02030cam a22002533a 4500</leader>
  <controlfield tag="001">13056</controlfield>
  <controlfield tag="003">PGUSA</controlfield>
  <controlfield tag="005">20140828083300.0</controlfield>
  <controlfield tag="008">040730s2004||||xxu|||||s|||||000 i eng d</controlfield>
  <datafield tag="040" ind1=" " ind2=" ">
    <subfield code="a">PGUSA</subfield>
    <subfield code="b">eng</subfield>
  </datafield>
  <datafield tag="042" ind1=" " ind2=" ">
    <subfield code="a">dc</subfield>
  </datafield>
  <datafield tag="050" ind1=" " ind2="4">
    <subfield code="a">PT</subfield>
  </datafield>
  <datafield tag="245" ind1="1" ind2="4">
    <subfield code="a">The German Classics of the Nineteenth and Twentieth Centuries, Volume 10 :</subfield>
    <subfield code="b">Prince Otto Von Bismarck, Count Helmuth Von Moltke, Ferdinand Lassalle</subfield>
    <subfield code="h">[electronic resource]</subfield>
  </datafield>
  <datafield tag="260" ind1=" " ind2=" ">
    <subfield code="b">Project Gutenberg,</subfield>
    <subfield code="c">2004</subfield>
  </datafield>
  <datafield tag="505" ind1="0" ind2=" ">
    <subfield code="a">Bismarck as a National Type. By Kuno Francke. -- The Love Letters of Bismarck. -- Correspondence of William I. and Bismarck. -- From "Thoughts and Recollections." -- Bismarck as an Orator. By Edmund von Mach. -- Bismarck: Professorial Politics -- Speech from the Throne -- Alsace-Lorraine a Glacis Against France -- We Shall Never Go to Canossa! -- Bismarck as the "Honest Broker" -- Salus Publica--Bismarck's Only Lode-Star -- Practical Christianity -- We Germans Fear God, and Nought Else in the World -- Mount the Guards at the Warthe and the Vistula! -- Long Live the Emperor and the Empire! -- The Life of Moltke. By Karl Detlev Jessen. -- von Moltke: The Political and Military Conditions of the Ottoman Empire in 1836. -- A Trip to Brussa. -- A Journey to Mossul. -- A Bullfight in Spain. -- Description of Moscow. -- The Peace Movement. -- Fighting on the Frontier. -- Battle of Gravelotte--St. Privat. -- Consolatory Thoughts on the Earthly Life and a Future Existence. -- The Life and Work of Ferdinand Lassalle. By Arthur N. Holcombe. -- Lassalle: The Workingmen's Programme. -- Science and the Workingmen. -- Open Letter to the Central Committee.</subfield>
  </datafield>
  <datafield tag="506" ind1=" " ind2=" ">
    <subfield code="a">Public domain in the USA.</subfield>
  </datafield>
  <datafield tag="516" ind1=" " ind2=" ">
    <subfield code="a">Electronic text</subfield>
  </datafield>
  <datafield tag="653" ind1=" " ind2=" ">
    <subfield code="a">German literature -- 20th century -- Translations into English</subfield>
  </datafield>
  <datafield tag="653" ind1=" " ind2=" ">
    <subfield code="a">German literature -- 19th century -- Translations into English</subfield>
  </datafield>
  <datafield tag="700" ind1="1" ind2=" ">
    <subfield code="a">Francke, Kuno,</subfield>
    <subfield code="d">1855-1930</subfield>
  </datafield>
  <datafield tag="830" ind1=" " ind2="0">
    <subfield code="a">Project Gutenberg</subfield>
    <subfield code="v">13056</subfield>
  </datafield>
  <datafield tag="856" ind1="4" ind2="0">
    <subfield code="u">http://www.gutenberg.org/ebooks/13056</subfield>
  </datafield>
  <datafield tag="942" ind1=" " ind2=" ">
    <subfield code="c">EB</subfield>
  </datafield>
  <datafield tag="999" ind1=" " ind2=" ">
    <subfield code="c">242311</subfield>
    <subfield code="d">242311</subfield>
  </datafield>
  <datafield tag="952" ind1=" " ind2=" ">
    <subfield code="0">0</subfield>
    <subfield code="1">0</subfield>
    <subfield code="4">0</subfield>
    <subfield code="a">GTB</subfield>
    <subfield code="b">GTB</subfield>
    <subfield code="d">2014-08-28</subfield>
    <subfield code="l">0</subfield>
    <subfield code="r">2014-08-28 00:00:00</subfield>
    <subfield code="w">2014-08-28</subfield>
    <subfield code="y">EB</subfield>
  </datafield>
</record>
